000 00486cam a2200145 4500500
005 20260329012959.0
041 _afre
042 _adc
100 1 0 _aGoujon, Patrick
_eauthor
245 0 0 _aPhilippe Jaccottet , Truinas, le 21 avril 2001 , La Dogana, 2004, 56 pages, 16,50 €
260 _c2005.
500 _a10
786 0 _nÉtudes | 402 | 2 | 2005-02-01 | p. IV-IV | 0014-1941
856 4 1 _uhttps://shs.cairn.info/revue-etudes-2005-2-page-IV?lang=fr&redirect-ssocas=7080
999 _c1876130
_d1876130